| 000 | 00394 a2200133 4500 | ||
|---|---|---|---|
| 005 | 20250613073542.0 | ||
| 020 | _a0-330-28631-5 | ||
| 082 | _aLECT 658.54 HUG | ||
| 100 | _aHUGHES, C. | ||
| 245 | _aProduction and operations management: A fresh approach | ||
| 260 |
_aLondon, _bPan Books Ltd., _c1985. |
||
| 300 |
_a361p.: ill.; chart, figure, graph, table. _bIndex, _c20cm. |
||
| 942 |
_2ddc _cBKS |
||
| 999 |
_c3938 _d3938 |
||